| 000 | 00484nam a22001937a 4500 | ||
|---|---|---|---|
| 003 | CEME | ||
| 005 | 20210628210618.0 | ||
| 008 | 210210b xxu||||| |||| 00| 0 eng d | ||
| 020 | _a0-7167-2238-0 | ||
| 040 | _c. | ||
| 082 | _a155.4 COL | ||
| 100 |
_aCole, Michael Cole, Sheila.R _980170 |
||
| 245 | _aThe development of children | ||
| 250 | _a2ND | ||
| 260 |
_aUSA _bSCIENTIFIC AMERICAN BOOKS _c1993 |
||
| 300 | _a812P | ||
| 650 |
_aCHILD DEVELOPMENT _94294 |
||
| 942 |
_cBK _2ddc |
||
| 999 |
_c585136 _d585136 |
||